000 00990cam a2200313 i 4500
001 bg
003 KOSZ 005
005 20200124082400.0
008 051006s1974 pl a f f |000 0 pol
015 _aPB 1974/2698
040 _aWA N
_cKOSZ 005/HR
_dKOSZ 005/HR
080 _a744
080 _a741/743
080 _a69
080 _a624
080 _a72.02
080 _a(07)
100 1 _aSamujłło, Hanna
_eAutor
245 1 0 _aRysunek techniczny i odręczny w budownictwie /
_cHanna Samujłło, Jerzy Samujłło.
260 _aWarszawa :
_b"Arkady",
_c1974.
300 _a174, [1] s., 1 s. tabl. :
_bil., wykr. ;
_c35 cm.
504 _aBibliogr.
650 4 _aBudownictwo
_xrysunek techniczny.
655 4 _aPodręcznik
710 2 _aWydawnictwo "Arkady".
_4pbl.
700 1 _aSamujłło, Jerzy
_d(1932-1981)
_eAutor
856 _uhttp://koha.tu.koszalin.pl/cgi-bin/koha/opac-detail.pl?biblionumber=27125
_yKatalog online BPK
942 _2UKD
_cKS
999 _c27125
_d27125